Topics in dynamics

שמור ב:
מידע ביבליוגרפי
מחבר ראשי: Nelson, Edward (Author)
פורמט: ספר
שפה:אנגלית
יצא לאור: Princeton Princeton University 1970
נושאים:
תגים: הוספת תג
אין תגיות, היה/י הראשונ/ה לתייג את הרשומה!

MARC

LEADER 00000nam a2200000 a 4500
001 UCP3072
003 CL-VaPUC
008 990604e19700000us |||||||||||||||||eng|d
082 0 4 |a 515.352  |b NEL  |2 21 
100 |a Nelson, Edward  |e author  |9 430181 
245 1 0 |a Topics in dynamics 
300 |a v 
942 |c BK 
945 |d 19990604 00:00:00  |a crobeson 
260 |a Princeton  |b Princeton University  |c 1970 
500 |a v.1: Flows 
650 0 |a Sistemas dinámicos   |9 260496 
650 0 |a Ecuaciones diferenciales ordinarias  |9 270041 
650 0 |a Cálculo diferencial   |9 260102 
650 0 |a Vectores  |9 317184 
583 |a last modification  |c 20171205 04:44:16  |k Rodrigo Vera 
999 |c 281510  |d 281508 
952 |0 0  |1 0  |4 0  |6 515_352000000000000_NEL_1970  |7 0  |8 A  |9 322266  |a BIBMAT  |b BIBMAT  |d 2019-11-20  |h v.1  |i 1347950  |o 515.352 NEL 1970  |p 1347950  |r 2025-01-07  |w 2019-11-20  |y BK  |k MAT